000
00325nam a2200121Ia 4500
008
240624s9999 xx 000 0 und d
041
_a
eng
082
_a
823 SEG
100
_a
SEGAL ERICH
245
_a
LOVE STORY LOVE MEANS NEVER HAVING TO SA
260
_c
2006
_a
London
_b
Hodder & Stoughton Ltd.
300
_a
133 : p. : cm. ; 18
999
_c
8864
_d
8864